000 00508nam a2200181Ia 4500
005 20250508150418.0
008 008 250505s9999 xx 000 0 eng d
037 _aTextual
040 _aFEDL
_beng
_cFEDL
041 _aeng
_2eng
084 _a917.3, CAR
_qFEDL
100 _aCargill Oscar
245 0 _aIntellectual America: Ideas on the march
260 _aNew York, USA
_bThe Macmillan Company
_c1948
300 _axxi,777p.
942 _cTEXL
_h917.3, CAR
999 _c1323511
_d1323511